Estadísticas para 15 ciudades más grandes en Europa (con un mapa)

Haz click aquí para intentar la prueba.

Estadísticas generales

  • Esta prueba ha sido intentada 11.063 veces
    (8.938 desde el último reinicio)
  • La puntuación promedio es 12 de 13

Respuestas en el mapa

Las respuestas están codificadas por una escala verde-roja en el mapa de la prueba según el % correcto abajo.
 

Estadísticas de respuestas

PoblaciónCiudad% Correcto
6,85 MMadrid
100%
11,4 MParís
99%
3,45 MRoma
99%
4,95 MBarcelona
98%
14,8 MLondres
98%
4,78 MBerlín
97%
18,8 MMoscú
96%
3,55 MAtenas
93%
3,48 MKiev
91%
6,10 MMilán
90%
16,1 MEstambul
83%
4,05 MNápoles
83%
6,40 MSan Petersburgo
72%

Distribución de puntuación

Porcentaje por número respondido

Porcentaje de gente con cada puntuación

Historial de tus puntuaciones

No has intentado esta prueba desde el último reinicio